Sexuelle Gewalt gegen Unmündige. Zur Rolle von Polizei und Strafjustiz

Saved in:  
Bibliographic Details
Main Author: Wohlatz, Sonja (Author)
Format: Print Article
Language:German
Published: 2000
In: Menschenrecht und Staatsgewalt
Year: 2000, Pages: 157-165
Check availability: HBZ Gateway
Keywords:

MARC

LEADER 00000caa a22000002c 4500
001 1525922106
003 DE-627
005 20220604104943.0
007 tu
008 160223s2000 xx ||||| 00| ||ger c
020 |a 3851144872 
035 |a (DE-627)1525922106 
035 |a (DE-576)455922101 
035 |a (DE-599)BSZ455922101 
040 |a DE-627  |b ger  |c DE-627  |e rakwb 
041 |a ger 
100 1 |a Wohlatz, Sonja  |4 aut 
245 1 0 |a Sexuelle Gewalt gegen Unmündige. Zur Rolle von Polizei und Strafjustiz  |c Sonja Wohlatz 
264 1 |c 2000 
336 |a Text  |b txt  |2 rdacontent 
337 |a ohne Hilfsmittel zu benutzen  |b n  |2 rdamedia 
338 |a Band  |b nc  |2 rdacarrier 
773 0 8 |i In  |t Menschenrecht und Staatsgewalt  |d Wien : WUV-Univ.-Verl., 2000  |g (2000), Seite 157-165  |h 234 S  |w (DE-627)308316037  |w (DE-576)08293262X  |z 3851144872  |7 nnam 
773 1 8 |g year:2000  |g pages:157-165 
935 |a mkri 
951 |a AR 
ELC |b 1 
LOK |0 000 xxxxxcx a22 zn 4500 
LOK |0 001 289940055X 
LOK |0 003 DE-627 
LOK |0 004 1525922106 
LOK |0 005 20260209083043 
LOK |0 008 160208||||||||||||||||ger||||||| 
LOK |0 040   |a DE-21-110  |c DE-627  |d DE-21-110 
LOK |0 689   |a s  |a Sexuelle Gewalt 
LOK |0 689   |a s  |a Minderjährige 
LOK |0 689   |a s  |a Polizei 
LOK |0 689   |a s  |a Sexuelle Gewalt 
LOK |0 689   |a s  |a Minderjährige 
LOK |0 689   |a s  |a Justiz 
LOK |0 689   |a g  |a Österreich 
LOK |0 852   |a DE-21-110 
LOK |0 852 1  |m p  |9 00 
LOK |0 935   |a k110 
LOK |0 938   |k p 
LOK |0 939   |a 08-02-16  |b l01 
ORI |a WA-MARC-krimdoka001.raw